[Event "Challenge"]
[Site "http://www.queenalice.com/game.php?id=1449368"]
[Date "2016.11.11"]
[Round "-"]
[White "kpfingaz"]
[Black "zubarev"]
[Result "0-1"]
[WhiteElo "1601"]
[BlackElo "1842"]

1. e4 e5 2. d3 Nf6 3. Bg5 Be7 4. h4 O-O 5. Nf3 d6 6. Nh2 Nc6 7. c3 Be6 8. Nd2
Nd7 9. Ndf3 f6 10. Be3 d5 11. Bh6 gxh6 12. Nd2 Kh8 13. Qh5 Kg7 14. g3 Qe8 15.
Qe2 f5 16. Bh3 Qg6 17. Rg1 f4 18. Bxe6 Qxe6 19. gxf4+ Kh8 20. f5 Qf6 21. Ndf3
dxe4 22. dxe4 Rg8 23. Ng4 Qf8 24. Qe3 Nf6 25. Nxh6 Rxg1+ 26. Nxg1 b6 27. Nf3
Nxe4 28. Nxe5 Nxe5 29. Qd4 Qxh6 30. Qxe5+ Qf6 31. Qxe4 Re8 32. Kf1 Rf8 33. Re1
Bc5 34. Re2 Qxf5 35. Qxf5 Rxf5 36. Re8+ Kg7 37. Re2 Rf4 38. b4 Rxh4 39. Kg2 Bd6
40. Kf3 Rc4 41. Re3 Rf4+ 42. Ke2 h5 43. f3 h4 44. Rd3 h3 45. Rd1 h2 46. a4 Rc4
47. Kd3 Rf4 48. Ke3 Kg6 49. Rh1 Rh4 50. a5 Kf6 51. axb6 axb6 52. Kf2 Rc4 53. f4
Bxf4 54. Kf3 Be5 55. Kg2 Rxc3 56. Rxh2 Bxh2 57. Kxh2 Kg5 58. Kg2 Kf4 59. Kf2
Rc2+ 60. Ke1 Kf3 61. Kd1 Rh2 0-1

[Event "Challenge"]
[Site "http://www.queenalice.com/game.php?id=1452272"]
[Date "2016.11.27"]
[Round "-"]
[White "zubarev"]
[Black "kpfingaz"]
[Result "1-0"]
[WhiteElo "1827"]
[BlackElo "1616"]

1. h3 c6 2. e4 e5 3. Nf3 Qf6 4. Nc3 Bc5 5. Be2 d6 6. d3 h6 7. Be3 Bb4 8. Bd2 a5
9. O-O Bc5 10. Be3 Bb4 11. a3 Bxc3 12. bxc3 Qg6 13. Kh2 Nf6 14. Nh4 Qh7 15. f4
g5 16. fxg5 hxg5 17. Bxg5 Nh5 18. Qe1 Be6 19. Nf5 Kd7 20. h4 Rg8 21. Qd1 Rh8 22.
Bg4 Na6 23. d4 Rag8 24. Nh6 Rg7 25. Bxh5 Rxg5 26. hxg5 Qxe4 27. Bf3 Qh4+ 28. Kg1
Qxg5 29. Ng4 f5 30. Nxe5+ Ke7 31. Nd3 Bc4 32. Qe2+ Kd7 33. Ne5+ dxe5 34. Qxc4
Qe3+ 35. Rf2 Rh7 36. d5 Qh6 37. dxc6+ bxc6 38. Qxc6+ Qxc6 39. Bxc6+ Kxc6 40.
Rxf5 Kd5 41. Re1 Re7 42. c4+ Kd6 43. g4 Nc5 44. g5 e4 45. Rd1+ Kc6 46. Rf6+ Kb7
47. g6 Rg7 48. Rf7+ Rxf7 49. gxf7 1-0

[Event "Challenge"]
[Site "http://www.queenalice.com/game.php?id=1452528"]
[Date "2016.11.29"]
[Round "-"]
[White "kpfingaz"]
[Black "zubarev"]
[Result "0-1"]
[WhiteElo "1608"]
[BlackElo "1835"]

1. d4 d5 2. e3 Nf6 3. Bb5+ Bd7 4. Bd3 e6 5. Bd2 Bd6 6. Ne2 O-O 7. Ng3 Ne8 8. Nh5
Qg5 9. g3 e5 10. h3 Nc6 11. Bc3 e4 12. Be2 f5 13. Nd2 Nf6 14. Nxf6+ Qxf6 15. Nc4
dxc4 16. Bxc4+ Kh8 17. d5 Ne5 18. Be2 Qe7 19. a3 Rf7 20. Bh5 Rff8 21. g4 Be8 22.
Bd4 Bxh5 23. gxh5 Nf3+ 24. Kf1 Qh4 25. Qe2 Qxh5 26. c4 Qg6 27. b4 Nh2+ 28. Ke1
Qg2 29. Kd2 Qf3 30. Qe1 Rg8 31. Rg1 Qh5 32. Kc2 Nf3 33. Bxg7+ Rxg7 34. Qb1 Rxg1
35. Qa2 Rxa1 36. Qxa1+ Be5 37. Qd1 Qxh3 38. Kb3 Rg8 39. b5 Rg1 40. Qc2 Qf1 41.
Kb4 Qe1+ 0-1

[Event "Challenge"]
[Site "http://www.queenalice.com/game.php?id=1455411"]
[Date "2016.12.18"]
[Round "-"]
[White "ORNELAS"]
[Black "kpfingaz"]
[Result "1-0"]
[WhiteElo "1681"]
[BlackElo "1630"]

1. g3 d6 2. d4 g6 3. c3 Bd7 4. e4 Nf6 5. Bg2 Bc6 6. Bg5 Nfd7 7. Nh3 f6 8. O-O
Bb5 9. Re1 c6 10. Bf4 e5 11. Be3 Be7 12. d5 c5 13. Bh6 Nb6 14. Bg7 Rg8 15. Bh6
g5 16. Qh5+ Kd7 17. Qg4+ Kc7 18. Na3 Bd7 19. Qe2 a6 20. b4 Na4 21. bxc5 Nxc5 22.
Nc4 1-0

[Event "Challenge"]
[Site "http://www.queenalice.com/game.php?id=1455734"]
[Date "2016.12.20"]
[Round "-"]
[White "zubarev"]
[Black "kpfingaz"]
[Result "1-0"]
[WhiteElo "1845"]
[BlackElo "1578"]

1. a3 e5 2. e4 Bc5 3. Bc4 Qe7 4. Nf3 Qf6 5. O-O d6 6. Be2 Qg6 7. d3 Nc6 8. Kh1
h6 9. Nc3 a6 10. Nd5 Kd8 11. b4 Ba7 12. Ne1 Nf6 13. f4 Bd4 14. Rb1 b5 15. fxe5
Bxe5 16. Bf4 Nxe4 17. dxe4 Qxe4 18. Bxe5 Bh3 19. Bg3 f6 20. Nxf6 gxf6 21. Bf3
Bxg2+ 22. Kxg2 Qc4 23. Qd5 Kd7 24. Qf5+ Ke7 25. Nd3 Rag8 26. Rbe1+ Kd8 27. Qxf6+
Kc8 28. Qe6+ Qxe6 29. Rxe6 Nd4 30. Re7 1-0

[Event "Challenge"]
[Site "http://www.queenalice.com/game.php?id=1459162"]
[Date "2017.1.12"]
[Round "-"]
[White "kpfingaz"]
[Black "zubarev"]
[Result "0-1"]
[WhiteElo "1583"]
[BlackElo "1852"]

1. d4 d5 2. e3 Nc6 3. Bb5 Bd7 4. a4 e6 5. c3 Nf6 6. Nd2 Bd6 7. h3 O-O 8. g4 a6
9. Bd3 Ne8 10. h4 e5 11. Nb3 f5 12. g5 e4 13. Be2 f4 0-1

[Event "buenopolis"]
[Site "http://www.queenalice.com/game.php?id=1491313"]
[Date "2017.8.23"]
[Round "-"]
[White "zubarev"]
[Black "kpfingaz"]
[Result "1-0"]
[WhiteElo "1828"]
[BlackElo "1573"]

1. d4 d5 2. Nc3 e6 3. Nf3 h6 4. e3 a6 5. Bd3 Bd7 6. O-O Nf6 7. Ne5 Qe7 8. f4 g6
9. Bd2 b5 10. Qf3 c6 11. Rac1 Ra7 12. e4 g5 13. f5 b4 14. Ne2 a5 15. fxe6 1-0

[Event "Let's Play Chess!"]
[Site "http://www.queenalice.com/game.php?id=1650163"]
[Date "2021.4.20"]
[Round "-"]
[White "kpfingaz"]
[Black "charles31"]
[Result "0-1"]
[WhiteElo "1582"]
[BlackElo "1699"]

1. e4 e5 2. c3 Nf6 3. Qa4 Nc6 4. Nf3 d6 5. Qb3 a6 6. Ng5 Qe7 7. Bc4 Na5 8. Bxf7+
Kd8 9. Qa4 h6 10. Qxa5 hxg5 11. Bg6 Nh5 12. d3 Nf4 13. Bxf4 gxf4 14. Qa4 Bd7 15.
Qb3 Bc6 16. Nd2 Qf6 17. Bf5 g6 18. Be6 Ke7 19. Bd5 Bxd5 20. Qxd5 Rb8 21. Nf3 g5
22. Qc4 Kd7 23. Nd2 c6 24. b4 b5 25. Qb3 g4 26. g3 fxg3 27. fxg3 Be7 28. O-O-O
Rh3 29. Rdf1 Qg6 30. Kc2 Rh7 31. Qa3 Ra8 32. Qa5 Bg5 33. Nb3 Be3 34. Qa3 Rf7 35.
Nd2 Ke7 36. Rxf7+ Qxf7 37. Rf1 Qh7 0-1

[Event "Challenge"]
[Site "http://www.queenalice.com/game.php?id=1698879"]
[Date "2021.4.26"]
[Round "-"]
[White "kpfingaz"]
[Black "Vin100"]
[Result "1-0"]
[WhiteElo "1571"]
[BlackElo "1584"]

1. e4 e5 2. c3 d6 3. Qa4+ Bd7 4. Qb3 Nf6 5. Qxb7 Nc6 6. d3 Rb8 7. Qa6 Rb6 8. Qa4
Qa8 9. h3 Ne7 10. Qd1 d5 11. f3 Nc6 12. a4 Bd6 13. a5 Rb8 14. Nd2 O-O 15. h4 d4
16. Nb1 Rb5 17. Ke2 Nxa5 18. Nd2 Nb7 19. h5 Nc5 20. b4 Ne6 21. Nc4 dxc3 22. Nxd6
cxd6 23. Ba3 Nd4+ 24. Kf2 c2 25. Qe1 a5 26. h6 g6 27. Ne2 Nxe2 28. Bxe2 Be6 29.
Qd2 Qa7+ 30. Kg3 Bb3 31. Qg5 Nd7 32. Qe7 Qc7 33. bxa5 Rxa5 34. Bxd6 Qd8 35. Qxd8
Rxa1 36. Qxd7 Rxh1 37. Qe7 Rc8 38. Ba3 Be6 39. Qg5 Ra1 40. Qf6 c1=Q 41. Qg7# 1-0

[Event "Challenge"]
[Site "http://www.queenalice.com/game.php?id=1698884"]
[Date "2021.4.26"]
[Round "-"]
[White "Vin100"]
[Black "kpfingaz"]
[Result "0-1"]
[WhiteElo "1547"]
[BlackElo "1567"]

1. e4 d5 2. Bd3 d4 3. b3 e5 4. c3 Bc5 5. b4 Bb6 6. Nf3 Qf6 7. O-O Nc6 8. a4 a5
9. b5 Nce7 10. Bb2 Bg4 11. Bc4 Qg6 12. d3 Bh3 13. Nh4 Qg5 14. g3 Nh6 15. Re1 Ng6
16. Nxg6 hxg6 17. Nd2 Bg4 18. Nf3 Qh5 19. Bd5 Bxf3 20. Qxf3 Qxf3 21. Bxb7 dxc3
22. Bxc3 Qxf2+ 23. Kh1 Ng4 24. Bc6+ Kd8 0-1

[Event "AUTO-INT-3676"]
[Site "http://www.queenalice.com/game.php?id=1761195"]
[Date "2021.6.2"]
[Round "1"]
[White "mvson33"]
[Black "kpfingaz"]
[Result "1-0"]
[WhiteElo "1683"]
[BlackElo "1622"]

1. e4 e5 2. Nf3 d6 3. Bc4 h6 4. Nc3 a6 5. O-O c6 6. h3 Qf6 7. Kh2 Ne7 8. d4 Ng6
9. dxe5 Nxe5 10. Be2 Ng4+ 11. hxg4 Bxg4 12. Bd2 Bxf3 13. Bxf3 Qh4+ 14. Kg1 h5
15. Re1 Qe7 16. Bf4 Qd8 17. Qe2 h4 18. Rad1 h3 19. Bg3 Qf6 20. Bg4 h2+ 21. Bxh2
Qh4 22. Bh3 Nd7 23. Qg4 Qxg4 24. Bxg4 O-O-O 25. Bxd6 Bxd6 26. Rxd6 Kb8 27. Rxd7
Rdf8 28. Red1 Ka7 29. Rc7 Rh4 30. Bh3 g6 31. Rdd7 g5 32. Rxb7+ Ka8 33. Ra7+ Kb8
34. Rdb7# 1-0

[Event "AUTO-INT-3676"]
[Site "http://www.queenalice.com/game.php?id=1761196"]
[Date "2021.6.2"]
[Round "1"]
[White "kpfingaz"]
[Black "mvson33"]
[Result "1-0"]
[WhiteElo "1608"]
[BlackElo "1693"]

1. e4 c6 2. Nc3 d5 3. e5 Bf5 4. d3 Qc7 5. Nf3 Nd7 6. Qe2 e6 7. a3 Bg6 8. g4
O-O-O 9. h4 h6 10. h5 Bh7 11. Qe3 Bc5 12. Qe2 f6 13. b4 Bb6 14. Na4 fxe5 15.
Nxb6+ Qxb6 16. Nxe5 Ngf6 17. Nf7 Rde8 18. Nd6+ Kd8 19. Be3 d4 20. Bf4 Ref8 21.
Nc4 Qb5 22. Qd2 Nd5 23. Bg3 Nc3 24. Nd6 Qb6 25. Bh4+ Kc7 26. Bg3 Kd8 27. g5 e5
28. gxh6 gxh6 29. Qxh6 Be4 30. Qg5+ Kc7 31. Nxe4 Nxe4 32. dxe4 Re8 33. h6 Kb8
34. h7 Ka8 35. Qg7 Qd8 36. Bc4 1-0

[Event "AUTO-INT-3676"]
[Site "http://www.queenalice.com/game.php?id=1761209"]
[Date "2021.6.2"]
[Round "1"]
[White "kpfingaz"]
[Black "askasl159"]
[Result "1-0"]
[WhiteElo "1627"]
[BlackElo "1801"]

1. Na3 e5 2. Nc4 Nc6 3. e4 Nf6 4. d3 h6 5. c3 Bc5 6. Qe2 O-O 7. a3 a6 8. h3 b5
9. Nd2 d5 10. Qf3 dxe4 11. dxe4 Be6 12. Be2 Qe7 13. Qg3 Nd7 14. Nb3 Bxb3 15.
Bxh6 Qf6 16. Be3 Bxe3 17. Qxe3 Qg6 18. g3 f5 19. exf5 Qxf5 20. Rh2 Nf6 21. g4
Qe4 22. Qxe4 Nxe4 23. Bf3 Bd5 24. O-O-O Rad8 25. Bxe4 Bxe4 26. Rxd8 Rxd8 27. f3
Bg6 28. h4 Bf7 29. h5 Bb3 30. Rd2 Re8 31. Nh3 Na5 32. Ng5 Nc4 33. Rd3 g6 34. Ne4
Kg7 35. Rd7+ Kh6 36. g5+ Kxh5 37. Nf6+ Kxg5 38. Nxe8 1-0

[Event "AUTO-INT-3676"]
[Site "http://www.queenalice.com/game.php?id=1761210"]
[Date "2021.6.2"]
[Round "1"]
[White "askasl159"]
[Black "kpfingaz"]
[Result "0-1"]
[WhiteElo "1737"]
[BlackElo "1650"]

1. e4 e5 2. f4 Nc6 3. Nf3 Qf6 4. Bc4 Qxf4 5. Nc3 Nf6 6. d4 Qg4 7. dxe5 Qxg2 8.
Rf1 Nb4 9. Bd3 Ng8 10. Rg1 Qh3 11. Rg3 Qe6 12. Be3 Nc6 13. a3 Nxe5 14. Qe2 Nxf3+
15. Rxf3 c6 16. Bc4 Qg4 17. O-O-O Nf6 18. Rg1 Qh5 19. Rgg3 b5 20. Rh3 Qe5 21.
Bf4 Qe7 22. Ba2 a5 23. Qd3 h6 24. Bc7 b4 25. e5 Ba6 26. Qd2 bxc3 27. Qxc3 Nd5
28. Bxd5 Qg5+ 29. Qe3 Qxe3+ 30. Rxe3 cxd5 31. Bd6 d4 32. Re4 d3 33. cxd3 Rc8+
34. Kd2 Be7 35. Bxe7 Kxe7 36. Ra4 Rc5 37. d4 Rb5 38. b3 Rhb8 39. b4 Rd5 40. Ke3
Bf1 41. Rg3 g6 42. Rg1 Bc4 43. Ke4 Rdb5 44. Rc1 Bb3 45. Rxa5 Rxa5 46. bxa5 Ra8
0-1

[Event "AUTO-INT-3676"]
[Site "http://www.queenalice.com/game.php?id=1761211"]
[Date "2021.6.2"]
[Round "1"]
[White "kpfingaz"]
[Black "tche_elvio"]
[Result "1-0"]
[WhiteElo "1614"]
[BlackElo "1425"]

1. Na3 Nf6 2. h3 g6 3. c3 Bg7 4. Nf3 O-O 5. Nc4 b6 6. d4 Bb7 7. Nce5 Bxf3 8.
gxf3 d5 9. h4 h5 10. a3 a5 11. Rg1 c5 12. e3 Qc7 13. Bd3 c4 14. Bxg6 fxg6 15.
Rxg6 Nbd7 16. Nxd7 Qxd7 17. Ke2 Qf5 18. Rg5 Qe6 19. Qh1 Qf7 20. Rf5 Qg6 21. Qh3
Ne4 22. Rxd5 Nxc3+ 23. bxc3 Qc2+ 24. Bd2 Qg6 25. Rg5 Qf7 26. f4 Kh7 27. Rag1 Rg8
28. Qf3 b5 29. Rxh5+ Bh6 30. Qe4+ 1-0

[Event "AUTO-INT-3676"]
[Site "http://www.queenalice.com/game.php?id=1761212"]
[Date "2021.6.2"]
[Round "1"]
[White "tche_elvio"]
[Black "kpfingaz"]
[Result "0-1"]
[WhiteElo "1442"]
[BlackElo "1588"]

1. d4 d5 2. c4 c6 3. c5 h5 4. h3 e5 5. e3 e4 6. Ne2 g5 7. Nec3 g4 8. hxg4 Bxg4
9. Be2 Bc8 10. Nd2 Bg7 11. Nb3 a5 12. O-O h4 13. Bg4 Bxg4 14. Qxg4 Bf6 15. a3
Nh6 16. Qh3 Rg8 17. Nd2 Rh8 18. b3 Ng4 19. Qxg4 h3 20. gxh3 Kf8 21. Qf5 Ke7 22.
Bb2 Nd7 23. f3 Qc7 24. Nxd5+ cxd5 25. Qxd5 Qg3+ 26. Kh1 Rxh3# 0-1

[Event "Challenge"]
[Site "http://www.queenalice.com/game.php?id=1761452"]
[Date "2021.6.5"]
[Round "-"]
[White "kpfingaz"]
[Black "Vin100"]
[Result "0-1"]
[WhiteElo "1669"]
[BlackElo "1618"]

1. e4 e5 2. Nc3 c6 3. Nf3 d6 4. d3 Bg4 5. Be2 Be7 6. h3 Bxf3 7. Bxf3 Nd7 8. b4
Ngf6 9. a3 b5 10. g4 Nb6 11. g5 Nfd7 12. h4 g6 13. Rg1 O-O 14. h5 a5 15. hxg6
hxg6 16. Rh1 axb4 17. Ke2 bxc3 18. Qf1 Bxg5 19. Qh3 Kg7 20. Qg3 Bxc1 21. Rhxc1
c5 22. Rg1 c4 23. d4 Qf6 24. d5 Rh8 25. Bg4 Qg5 26. Qxc3 Qf4 27. Bf3 Rh3 28. Rg3
Rxg3 29. fxg3 Qh6 30. Rf1 Qh2+ 31. Rf2 Qxg3 32. Qb4 Nc5 33. Qxb5 Rb8 34. Qc6 f5
35. Qxd6 Nbd7 36. Rg2 Qh4 37. Qxg6+ Kf8 38. Qxf5+ Qf6 39. Qh7 Qf7 40. Qh8+ Ke7
41. Qh6 Rg8 42. Rxg8 Qxg8 43. d6+ Kd8 44. Qd2 Kc8 45. Qa5 Kb7 46. Qc7+ Ka6 47.
a4 Qb8 48. Bg4 Qxc7 49. dxc7 Kb7 50. Bxd7 Nxd7 51. Kd2 Nb6 52. a5 Na4 0-1

[Event "Challenge"]
[Site "http://www.queenalice.com/game.php?id=1761453"]
[Date "2021.6.5"]
[Round "-"]
[White "Vin100"]
[Black "kpfingaz"]
[Result "0-1"]
[WhiteElo "1608"]
[BlackElo "1598"]

1. e4 Nf6 2. d3 h5 3. Be2 e5 4. Bg5 c6 5. c3 Qb6 6. Bxf6 gxf6 7. Bxh5 Qxb2 8.
Nd2 Qxc3 9. Be2 Qc5 10. Ngf3 Rg8 11. O-O Bh6 12. Nb3 Qf8 13. d4 Qg7 14. d5 Qxg2#
0-1

[Event "Challenge"]
[Site "http://www.queenalice.com/game.php?id=1777134"]
[Date "2021.12.14"]
[Round "-"]
[White "zubarev"]
[Black "kpfingaz"]
[Result "1-0"]
[WhiteElo "2085"]
[BlackElo "1587"]

1. d4 c5 2. Nf3 Nc6 3. e3 e6 4. Nc3 Nf6 5. Ne5 Nxe5 6. dxe5 Ng8 7. Bd3 a6 8. O-O
h5 9. f4 b6 10. Bd2 Bb7 11. Be4 d5 12. exd6 Qd7 13. f5 Bxd6 14. fxe6 fxe6 15.
Qf3 Bxe4 16. Nxe4 Rd8 17. Nxd6+ Ke7 18. Nf7 Rf8 19. Qf4 Nf6 20. Nxh8 Rxh8 21.
Bc3 Rf8 22. Rad1 Qb7 23. Qd6+ Kf7 24. Bxf6 gxf6 25. Qd7+ Qxd7 26. Rxd7+ Kg6 27.
Rd6 e5 28. Rxb6 a5 29. Rb5 c4 30. Rxa5 1-0